Segredos (Registo nº 1294)

Detalhes MARC
000 -Etiqueta do registo
Cabeçalho 00796nam0a2200277 4500
005 - Identificador da versão
Campo de controlo 20240813121832.0
010 ## - Número internacional normalizado dos livros (ISBN)
Número (ISBN) 9895572727
021 ## - Número do Depósito Legal
Código do país PT
Número 237755/06
100 ## - Dados gerais de processamento
Dados gerais de processamento 20151022d2006 c y0pory5003 ba
102 ## - Pais de publicação ou produção
País de publicação Portugal
101 0# - Língua de publicação
Língua do texto, banda sonora, etc. Português
215 ## - Descrição física 
Indicação específica da natureza do documento e extensão da espécie [36] p.
Outras indicações físicas il. color
200 1# - Titulo e menção de responsabilidade
Título próprio Segredos
Primeira menção de responsabilidade António Mota
Outras menções de responsabilidade il. por Marta Torrão
225 2# - Colecção 
Título próprio da colecção Obras de António Mota
Indicação de volume 12
205 ## - Menção da edição
Menção da edição 3ª ed
210 ## - Publicação, Distribuição, etc. 
Lugar da edição, distribuição, etc. Vila Nova de Gaia
Nome do editor, distribuidor, etc. Gailivro
Data da publicação, distribuição, etc. 2006
300 ## - Notas gerais 
Texto da nota Plano Nacional de Leitura
606 ## - Nome comum usado como assunto
Número de registo de entrada de autoridade 0002010
Palavra de ordem Literatura portuguesa
Subdivisão de assunto Conto
Código do sistema CA
675 ## - Classificação Decimal Universal (CDU)
Notação 821.134.3-34
Edição 3ª ed.
Língua da edição por
702 #1 - Nome de autor-pessoa física (responsabilidade secundária)
Número de registo de entrada de autoridade 0001822
Palavra de ordem Torrão
Outra parte do nome não tomada para palavra de ordem Marta
Código de função Ilustrador / Técnico de desenho computorizado
700 #1 - Nome de autor-pessoa física (responsabilidade principal)
Número de registo de entrada de autoridade 0001292
Palavra de ordem Mota
Outra parte do nome não tomada para palavra de ordem António
Datas 1957-
966 ## - Identificação da Biblioteca
Sigla EB2,3ENM
942 ## - Elementos de entrada adicionados (Koha)
Tipo de item no Koha Livro
Exemplares
Situação do levantamento Origin of item (home branch) (coded) Biblioteca de empréstimo Código de barras Cota Circulation type (not for loan) Tipo de documento Nota do exemplar Damaged status
  Biblioteca Escolar Eng. Nuno Mergulhão Biblioteca Escolar Eng. Nuno Mergulhão BENM3160 82LP-34 MOT PNL   Livro Sem mensagem